|
|
|
|
| LEADER |
00000nam2a2200000 4500 |
| 001 |
261978 |
| 005 |
20231031221849.0 |
| 035 |
|
|
|a (RuTPU)RU\TPU\book\284960
|
| 090 |
|
|
|a 261978
|
| 100 |
|
|
|a 20140528d1988 k y0rusy50 ca
|
| 101 |
0 |
|
|a rus
|
| 102 |
|
|
|a UA
|
| 105 |
|
|
|a a z 001zy
|
| 200 |
0 |
|
|a Вып. 6 : Неразрушающие методы и средства контроля
|
| 210 |
|
|
|d 1988
|
| 215 |
|
|
|a 88 с.
|c ил.
|
| 320 |
|
|
|a Библиогр. в конце ст.
|
| 461 |
|
1 |
|0 (RuTPU)RU\TPU\book\107844
|t Диагностика и прогнозирование разрушения сварных конструкций
|o республиканский межведомственный сборник научных трудов
|f Академия наук Украинской ССР (АН УССР), Институт электросварки им. Е. О. Патона (ИЭС)
|v Вып. 6 : Неразрушающие методы и средства контроля
|d 1985-1988
|
| 606 |
1 |
|
|a Сварные конструкции
|2 stltpush
|3 (RuTPU)RU\TPU\subj\53957
|
| 610 |
1 |
|
|a разрушение
|
| 610 |
1 |
|
|a диагностика
|
| 610 |
1 |
|
|a прогнозирование
|
| 610 |
1 |
|
|a неразрушающие методы
|
| 610 |
1 |
|
|a средства контроля
|
| 675 |
|
|
|a 621.791
|v 3
|
| 801 |
|
1 |
|a RU
|b 63413507
|c 20140528
|
| 801 |
|
2 |
|a RU
|b 63413507
|c 20160422
|g RCR
|
| 942 |
|
|
|c BK
|